Statistiques concernant Records du rugby international (10 premiers).

Cliquez ici pour prendre le quiz!

Statistiques générales

  • Ce quiz a été pris 203 fois
    (54 depuis la dernière actualisation)
  • Le résultat moyen est 13 sur 43

Statistiques - réponses

Record% Correct
Jonny Wilkinson
89%
Jonathan Sexton
87%
Richie McCaw
82%
Dan Carter
80%
Alun Wyn Jones
71%
Sergio Parisse
71%
Stephen Jones
71%
Owen Farrell
64%
Thierry Dusautoir
60%
Brian O'Driscoll
56%
Sam Whitelock
51%
Bryan Habana
49%
Ronan O'Gara
49%
John Smit
44%
Shane Williams
42%
Julian Savea
36%
Diego Domínguez
29%
Michael Hooper
27%
David Campese
24%
George North
20%
Doug Howlett
13%
George Gregan
13%
Gethin Jenkins
13%
Keven Mealamu
13%
Neil Jenkins
13%
Jean-Patrick Lescarboura
11%
Naas Botha
11%
Andrew Mehrtens
9%
Hugo Porta
9%
Joe Rokocoko
9%
John Eales
9%
Rory Underwood
9%
Christian Cullen
7%
Daisuke Ohata
7%
Dan Parks
7%
Florin Vlaicu
7%
Rob Andrew
7%
Hirotoki Onozawa
4%
James Slipper
4%
Stephen Moore
4%
Will Carling
4%
Mihai Macovei
2%
Stefano Bettarello
2%

Distribution des résultats

Percentile par nombre de réponses

% des personnes avec chaque résultat

Votre développement - résultats

Vous n’avez pas pris ce quiz depuis la dernière actualisation